| 000 | 00999nam a2200301 i 4500 | ||
|---|---|---|---|
| 001 | 16064 | ||
| 003 | ES-MaACL | ||
| 005 | 20230906151233.0 | ||
| 007 | t| | ||
| 008 | 000620s1998 sp ||||0| spa j | ||
| 020 | _a84-89569-27-4 | ||
| 040 |
_aM-BN _bspa _cM-BN |
||
| 080 | _a929 Isabel (460) I | ||
| 080 | _a946.0"1474/1516" | ||
| 100 | 1 |
_aLiss, Peggy K. _972544 |
|
| 245 | 1 | 0 |
_aIsabel la Católica / _cPeggy K. Liss ; traducción de Javier Sánchez García-Gutiérrez ; corrección de Inés Azar. |
| 260 |
_aMadrid : _bNerea, _c[1998] |
||
| 300 |
_a383 p. : _bil. ; _c24 cm. |
||
| 490 | 1 |
_aNerea. Serie media ; _v5 |
|
| 600 | 0 | 4 |
_aIsabel _bI, _cReina de Castilla. _9175419 |
| 651 |
_aEspaña- _xHistoria- _y1474-1516, Reyes Católicos. _98222 |
||
| 700 | 1 |
_aSánchez García-Gutiérrez, Javier. _9102664 |
|
| 700 | 1 |
_aAzar, Inés. _924231 |
|
| 830 | 0 |
_aNerea. Serie media ; _v5 _9228621 |
|
| 852 |
_aES-MaACL _jL-23255 _bR.128584 |
||
| 999 |
_c16064 _d16064 |
||